Aprender para el futuro : (Record no. 94960)

MARC details
000 -CABECERA
campo de control de longitud fija 00598nam a2200181 a 4500
005 - FECHA Y HORA DE LA ÚLTIMA TRANSACCIÓN
campo de control 20240830063848.0
008 - ELEMENTOS DE LONGITUD FIJA--INFORMACIÓN GENERAL
campo de control de longitud fija 030311s1998 es r 000 0 spa d
020 ## - NÚMERO INTERNACIONAL NORMALIZADO PARA LIBROS
Número Internacional Estándar del Libro 8488295294
035 ## - NÚMERO DE CONTROL DEL SISTEMA
Número de control de sistema UPN01000122777
049 ## - COLECCIÓN
Colección CG
050 #4 - SIGNATURA TOPOGRÁFICA DE LA BIBLIOTECA DEL CONGRESO
Número de clasificación LB1607
Número de documento/Ítem A6.7
245 00 - MENCIÓN DE TÍTULO
Título Aprender para el futuro :
Resto del título la educación secundaria, pivote del sistema educativo /
Mención de responsabilidad, etc. Ricardo Díez Hochleitner ... [et al.].
260 ## - PUBLICACIÓN, DISTRIBUCIÓN, ETC.
Lugar de publicación, distribución, etc. Madrid :
Nombre del editor, distribuidor, etc. Fundacion Santillana,
Fecha de publicación, distribución, etc. [1998].
300 ## - DESCRIPCIÓN FÍSICA
Extensión 224 p.
650 #7 - ASIENTO SECUNDARIO DE MATERIA - TERMINO TEMATICO
Término de materia o nombre geográfico como elemento de entrada Educación secundaria
Fuente del encabezamiento o término
9 (RLIN) 4281
700 1# - ASIENTO SECUNDARIO--NOMBRE DE PERSONAL
Nombre de persona Díez-Hochleitner, Ricardo,
Fechas asociadas al nombre 1928-
Término indicativo de función/relación coaut.
9 (RLIN) 41735
905 ## - TIPO DE MATERIAL
Tipo de material Libro
Holdings
Estado de retiro Estado de pérdida Fuente del sistema de clasificación o colocación Estado dañado No para préstamo Código de colección Localización permanente Ubicación/localización actual Ubicación en estantería Total de préstamos Clasificación Código de barras Fecha visto por última vez Número de copia Tipo de ítem Koha
    Library of Congress Classification     Colección General Bib. Gregorio Torres Quintero Bib. Gregorio Torres Quintero Planta baja 9 LB1607 A6.7 208092 31/12/2020 1 Libro
    Library of Congress Classification     Colección General Bib. Gregorio Torres Quintero Bib. Gregorio Torres Quintero Planta baja 9 LB1607 A6.7 208093 31/12/2020 1 Libro